| 000 | 00707nam a2200205 a 4500 | ||
|---|---|---|---|
| 005 | 20220601074208.0 | ||
| 008 | 030826s1998 mx r 000 0 spa d | ||
| 020 | _a9683661424 | ||
| 035 | _aUPN01000128177 | ||
| 049 | _aCG | ||
| 050 | 4 |
_aF1234 _bJ6.7 |
|
| 245 | 0 | 0 |
_aJosé Vasconcelos : _bhombre, educador y candidato / _cintrod., selec. y notas Guadalupe Lozada León. |
| 260 |
_aMéxico : _bUNAM, Coordinación de Humanidades, _c1998. |
||
| 300 | _a380 p. | ||
| 440 | 0 |
_aBiblioteca del estudiante universitario ; _v123 |
|
| 600 | 1 | 4 |
_aVASCONCELOS, JOSE, _d1881-1959 |
| 650 | 2 |
_aEstadistas mexicanos _vBiografía _923078 |
|
| 700 | 1 |
_aLozada León, Guadalupe, _eintrod., selec. y notas |
|
| 905 | _aLibro | ||
| 999 |
_c100356 _d100356 |
||